000 00524nam a2200169Ia 4500
008 090711s9999 xx 000 0 und d
082 _b49379
100 _aबेलसरे केशव वि.
245 _aभावार्थ भागवत
260 _c1984
300 _a618
600 _aबेलसरे केशव वि.
630 _aभावार्थ भागवत
700 _aबेलसरे केशव वि.
730 _aभावार्थ भागवत
942 _cBOOK
999 _c286540
_d286540